Freight train. (Record no. 113401)
[ view plain ]
| 000 -LEADER | |
|---|---|
| fixed length control field | 00300nam a2200121 a 4500 |
| 005 - DATE AND TIME OF LATEST TRANSACTION | |
| control field | 20140414132018.0 |
| 008 - FIXED-LENGTH DATA ELEMENTS--GENERAL INFORMATION | |
| fixed length control field | 110314s19uu xx 00 eng d |
| 050 ## - LIBRARY OF CONGRESS CALL NUMBER | |
| Classification number | TR |
| Item number | F87 1989 |
| 100 ## - MAIN ENTRY--PERSONAL NAME | |
| Personal name | Crews, Donald |
| 245 ## - TITLE STATEMENT | |
| Title | Freight train. |
| 260 ## - PUBLICATION, DISTRIBUTION, ETC. (IMPRINT) | |
| Place of publication, distribution, etc | New York : |
| Name of publisher, distributor, etc | Scholastic , |
| Date of publication, distribution, etc | 1978. |
| Withdrawn status | Lost status | Damaged status | Home library | Current library | Shelving location | Date acquired | Total Checkouts | Full call number | Barcode | Date last seen | Price effective from | Koha item type |
|---|---|---|---|---|---|---|---|---|---|---|---|---|
| Munich Library | Munich Library | Teachers Reference Section | 03/14/2011 | TR F87 1989 | M4967 | 04/14/2014 | 04/14/2014 | Books |